| 000 -CABECERA |
| Longitud fija campo de control |
01614nam a2200349 a 4500 |
| 001 - NÚMERO DE CONTROL |
| Número de control |
991013247609706706 |
| 003 - IDENTIFICADOR DEL NÚMERO DE CONTROL |
| Identificador del número de control |
OSt |
| 005 - FECHA Y HORA DE LA ÚLTIMA TRANSACCIÓN |
| Fecha y hora de la última transacción |
20211227142709.0 |
| 008 - CÓDIGOS DE INFORMACIÓN DE LONGITUD FIJA |
| Códigos de información de longitud fija |
020718s2001 spc|||||s 100 ||cat|c |
| 035 ## - NÚMERO DE CONTROL DEL SISTEMA |
| Número de control del sistema |
(ES-BaCBU).b28230164 |
| 035 ## - NÚMERO DE CONTROL DEL SISTEMA |
| Número de control del sistema |
(OCoLC)807438384 |
| 040 ## - FUENTE DE LA CATALOGACIÓN |
| Centro catalogador de origen |
ES-BaCBU |
| Lengua de catalogación |
cat |
| Centro transcriptor |
CDMR |
| 080 ## - NÚMERO DE LA CLASIFICACIÓN DECIMAL UNIVERSAL |
| Número de la Clasificación Decimal Universal |
654.17/.19(063) |
| 080 ## - NÚMERO DE LA CLASIFICACIÓN DECIMAL UNIVERSAL |
| Número de la Clasificación Decimal Universal |
778(063) |
| 111 2# - PUNTO DE ACCESO PRINCIPAL-NOMBRE DE CONGRESO |
| Nombre de congreso o jurisdicción como elemento de entrada |
Jornada Parlamentària sobre Mitjans de Comunicació Audiovisual |
| Número del congreso o número de parte o sección de la obra |
(4a : |
| Fecha del congreso |
2001 : |
| Sede del congreso |
Barcelona) |
| 245 13 - MENCIÓN DE TÍTULO |
| Título |
Els Valors del servei públic audiovisual en l'era de la liberalització |
| Medio |
[Recurs electrònic] : |
| Resto del título |
Quarta Jornada Parlamentària sobre Mitjans de Comunicació Audiovisual : 19 de març de 2001 / |
| Mención de responsabilidad, etc. |
Parlament de Catalunya, Consell de l'Audiovisual de Catalunya, Corporació Catalana de Radio i Televisió |
| 256 ## - CARACTERÍSTICAS DEL ARCHIVO DE ORDENADOR |
| Características del archivo de ordenador |
Dades d'imatges electròniques |
| 260 ## - PUBLICACIÓN, DISTRIBUCIÓN, ETC. (PIE DE IMPRENTA) |
| Lugar de publicación, distribución, etc. |
[Barcelona] : |
| Nombre del editor, distribuidor, etc. |
Idea Alliance, |
| Fecha de publicación, distribución, etc. |
[2001] |
| 300 ## - DESCRIPCIÓN FÍSICA |
| Extensión |
1 disc òptic (CD-ROM) : |
| Otras características físicas |
so; |
| Dimensiones |
12 cm |
| 500 ## - NOTA GENERAL |
| Nota general |
Recull els vídeos de l'obertura, les ponències, els debats, les conclusions i la cloenda de la Jornada |
| 500 ## - NOTA GENERAL |
| Nota general |
Títol obtingut de la superfície del disc |
| 538 ## - NOTA DE DETALLES DEL SISITEMA |
| Nota de detalles del sistema |
Requeriments del sistema: PC o Mac amb navegador de HTML, Windows Media Player |
| 650 04 - PUNTO DE ACCESO ADICIONAL DE MATERIA - TÉRMINO DE MATERIA |
| Término de materia o nombre geográfico como elemento inicial |
Audiovisuals |
| Subdivisión geográfica |
Catalunya |
| Subdivisión de materia general |
Congressos |
| 650 04 - PUNTO DE ACCESO ADICIONAL DE MATERIA - TÉRMINO DE MATERIA |
| Término de materia o nombre geográfico como elemento inicial |
Televisió pública |
| Subdivisión geográfica |
Catalunya |
| Subdivisión de materia general |
Congressos |
| 710 1# - PUNTO DE ACCESO ADICIONAL - NOMBRE DE ENTIDAD |
| Nombre de entidad o nombre de jurisdicción como elemento inicial |
Catalunya. |
| Unidad subordinada |
Parlament |
| 710 2# - PUNTO DE ACCESO ADICIONAL - NOMBRE DE ENTIDAD |
| Nombre de entidad o nombre de jurisdicción como elemento inicial |
Consell de l'Audiovisual de Catalunya |
| 710 2# - PUNTO DE ACCESO ADICIONAL - NOMBRE DE ENTIDAD |
| Nombre de entidad o nombre de jurisdicción como elemento inicial |
Corporació Catalana de Ràdio i Televisió |
| 907 ## - ELEMENTO G DATOS LOCALES, GDL (RLIN) |
| a |
.b28230164 |
| b |
24-03-20 |
| c |
08-05-08 |
| d |
18-07-02 |
| e |
m |
| f |
a |
| g |
- |
| h |
cat |
| i |
spc |
| j |
4 |
| k |
1 |
| 908 ## - CONTROL DE PARÁMETROS (RLIN) |
| Parametro de comando lanzado |
UAB |
| -- |
URL |
| 940 ## - |
| T&íacute;tulo uniforme |
<a href="UAB">UAB</a> |
| 942 ## - ENTRADA DE ELEMENTOS AGREGADOS (KOHA) |
| Fuente de clasificaión o esquema |
|
| Koha [por defecto] tipo de item |
Materials audiovisuals |